ロード中...
The functions of criticism in India:Essays in Indian response to literature/
| 第一著者: | |
|---|---|
| フォーマット: | Printed Book |
| 言語: | English |
| 出版事項: |
Mysore:
Central Institute of Indian Languages,
1986.
|
| LEADER | 00537nam a2200121Ia 4500 | ||
|---|---|---|---|
| 008 | 111205s9999 xx 000 0 eng d | ||
| 100 | |a Narasimhaiah ,C.D. | ||
| 245 | |a The functions of criticism in India:Essays in Indian response to literature/ |c Narasimhaiah ,C.D. | ||
| 260 | |b Central Institute of Indian Languages, |a Mysore: |c 1986. | ||
| 300 | |a 257p. | ||
| 942 | |c BK |2 ddc | ||
| 999 | |c 204725 |d 204725 | ||
| 952 | |0 0 |1 0 |4 0 |6 E_891_400000000000000_NAR_F |7 0 |9 226461 |a MAL |b MAL |c ST1 |d 1995-12-16 |g 27.00 |l 0 |o E 891.4 NAR/F |p MAL20098 |r 2015-04-13 |v 27.00 |w 2018-08-20 |y BK | ||